Les 3 meilleurs milieux offensifs par pays dans l'histoire - Statistiques

Statistiques générales
  • Ce quiz a été pris 85 fois
  • Le résultat moyen est 17 sur 30
Statistiques - réponses
Pays Club principal Joueurs % Correct
France Atlético Madrid Antoine Griezmann
97%
France Juventus Turin Zinédine Zidane
97%
Portugal Manchester City Bernardo Silva
89%
Espagne Manchester City David Silva
89%
France Juventus Turin Michel Platini
89%
Belgique Manchester City Kévin de Bruyne
84%
Allemagne Bayern Munich Thomas Muller
84%
Italie AS Roma Francesco Totti
83%
Italie Juventus Turin Alessandro Del Piero
76%
Pays-Bas Ajax Amsterdam Johan Cruyff
75%
Allemagne FC Arsenal Mesut Özil
75%
Brésil AC Milan Kaka
72%
Espagne FC Arsenal Cesc Fabregas
68%
Argentine Napoli Diego Maradona
65%
Pays-Bas AC Milan Ruud Gullit
64%
Pays-Bas Inter Milan Wesley Sneijder
63%
Angleterre Manchester United Wayne Rooney
59%
Portugal Manchester United Bruno Fernandes
56%
Brésil Paris Saint-Germain Rai
52%
Italie Juventus Turin Roberto Baggio
49%
Argentine Villareal CF Juan Roman Riquelme
44%
Portugal AC Milan Rui Costa
44%
Espagne Réal Madrid Isco
37%
Angleterre Manchester United Bobby Charlton
35%
Brésil CR Flamengo Zico
32%
Belgique AS Monaco Enzo Scifo
9%
Belgique Standard de Liège Marc Wilmots
9%
Argentine FC Nantes Jorge Burruchaga
8%
Allemagne Borussia Monchengladbach Gunter Netzer
5%
Angleterre Tottenham Hotspurs Paul Gascoigne
5%
Aucun quiz correspondant
Distribution des résultats
% des personnes avec chaque résultat
Percentile par nombre de réponses
Votre historique - résultats
Vous n’avez pas pris ce quiz